000 01013nam a2200265 i 4500
001 bg
100 1 _aLEIST, Ralph
245 1 0 _aPraktyczne zarządzanie jakością :
_bmetody i narzędzia stosowane do planowania i utrzymywania systemów jakości w przedsiębiorstwach, wg norm serii ISO 9000 /
_cRalph Leist ; red. nauk. wersji polskiej Władysław Roman Pawlak.
260 _aWarszawa :
_bALFA-WEKA,
_c1997.
300 _aSkoroszyt ;
_c26 cm +
_eDyskietka.
500 _aAktualizacja bieżąca.
500 _aDodatek uzup. pt: "Wzór księgi zarządzania jakością" oraz dyskietka tekstowa - Word 2.0 PL.
505 _aZawiera moduły 1-6.
650 9 _aJakość
_xnormalizacja
650 9 _aJakość
_xkontrola
_xorganizacja
650 9 _aPrzedsiębiorstwo
_xorganizacja
700 1 _aPAWLAK, Władysław Roman
020 _a8387287008
040 _cBPK
041 1 _apl
_hde
080 _a658.56.012.4:006
920 _a83-87287-00-8
942 _cKS
008 s pl f |000 0 pol
999 _c31263
_d31263
856 _uhttp://koha.tu.koszalin.pl/cgi-bin/koha/opac-detail.pl?biblionumber=31263
_yKatalog online BPK